000 00465nam a2200181Ia 4500
008 231221s9999 xx 000 0 und d
020 _a8175152699
041 _aEnglish
082 _a001.6424C LAF;5
100 _aLafore, Robert
245 0 _aObject oriented programming in C++
250 _a3rd ed.
260 _c1999
_bGalgotia
_aNew Delhi
300 _axxviii, 925
440 _aWaite group
650 _aObject,oriented,programming,C++
942 _cBC
999 _c212938
_d212938